WYMIEN DZIELNICE SZCZECINA - Statystyki

Ogólne statystyki
  • Ten quiz został rozwiązany 184 razy
  • Średni wynik to 15 z 38
Statystyki odpowiedzi
Hint Odpowiedź % Poprawnych
N Niebuszewo
71%
Ś Śródmieście Północ
69%
Ś Śródmieście Zachód
69%
D Dąbie
67%
P Pogodno
64%
P Pomorzany
59%
G Gumieńce
58%
C Centrum
53%
S Słoneczne
49%
W Warszewo
49%
G Gocław
48%
P Podjuchy
47%
Z Zdroje
47%
S Skolwin
46%
K Krzekowo Bezrzecze
45%
Z Załom-Kasztanowe
42%
B Bukowe-Klęskowo
41%
Ż Żydowce-Klucz
38%
S Stare Miasto
35%
T Turzyn
34%
G Golęcino
32%
A Arkońskie-Niemierzyn
31%
M Majowe
31%
W Wielgowo-Sławociesze-Zdunowo
31%
B Bukowo
29%
P Płonia-Śmierdnica-Jezierzyce
29%
G Głębokie Pilchowo
28%
O Osów
28%
S Stołczyn
28%
Z Zawadzkiego-Klonowica
28%
Ż Żelechowa
28%
N Nowe Miasto
26%
D Drzetowo Grabowo
25%
N Niebuszewo-Bolinko
25%
Ł Łękno
23%
K Kijewo
21%
Ś Świerczewo
20%
M Międzyodrze
16%
Nie znaleziono quizów pasujących do podanych kryteriów
Rozkład punktacji
Procent ludzi z każdym wynikiem
Percentyl według liczby udzielonych odpowiedzi
Twoja historia wyników
Nie rozwiązałeś tego quizu